Countries that start with A - Statistics

General Stats
  • This quiz has been taken 16 times
  • The average score is 11 of 11
Answer Stats
Picture Answer % Correct
Albania
100%
Andorra
100%
Argentina
100%
Australia
100%
Austria
100%
Azerbaijan
100%
Afghanistan
92%
Algeria
92%
Angola
92%
Antigua and Barbuda
92%
Armenia
85%
No matching quizzes found
Score Distribution
Percent of People with Each Score
Percentile by Number Answered
Your Score History
You have not taken this quiz